000 00706nam a2200217Ia 4500
001 18043
003 GE_BSU
008 181216s||||||||xx |||||||||||||| ||und||
040 _cGE_BSU
080 _a81(479.22)(092)
100 _aძიძიგური, შოთა
245 _aაკაკი შანიძე
245 _b[ცხოვრება და მოღვაწეობა]
260 _aთბილისი
260 _bთბილ. უნ-ტის გამ-ბა
260 _c1977
300 _a99გვ. : ილ. ; 20სმ.
653 _aაკაკი შანიძე
653 _aქართველი ენათმეცნიერი
942 _cBK
999 _c51086
_d51086